LEADER 01391nam 2200469 450 001 9910467019903321 005 20200520144314.0 010 $a2-8041-9733-6 035 $a(CKB)4100000005248464 035 $a(MiAaPQ)EBC5452370 035 $a(PPN)232427631 035 $a(Au-PeEL)EBL5452370 035 $a(CaPaEBR)ebr11593434 035 $a(OCoLC)1045533551 035 $a(EXLCZ)994100000005248464 100 $a20190112d2018 uy 0 101 0 $afre 135 $aurcnu|||||||| 181 $ctxt$2rdacontent 182 $cc$2rdamedia 183 $acr$2rdacarrier 200 10$aParents, enseignants ... eduquer ensemble $een restant chacun a sa place /$fBruno Humbeeck, Willy Lahaye, Maxime Berger 210 1$aWommelgem :$cDe Boeck,$d[2018] 210 4$d©2018 215 $a1 online resource (233 pages) 225 1 $aOutils pour enseigner 311 $a2-8041-9748-4 410 0$aOutils pour enseigner. 606 $aEducation$xParent participation 608 $aElectronic books. 615 0$aEducation$xParent participation. 676 $a371.192 700 $aHumbeeck$b Bruno$0858363 702 $aLahaye$b Willy 702 $aBerger$b Maxime 801 0$bMiAaPQ 801 1$bMiAaPQ 801 2$bMiAaPQ 906 $aBOOK 912 $a9910467019903321 996 $aParents, enseignants ... eduquer ensemble$92089615 997 $aUNINA LEADER 01270nam0 22002891i 450 001 UON00270492 005 20231205103752.762 010 $a88-387-2781-3 100 $a20051206d2005 |0itac50 ba 101 $aita 102 $aIT 105 $a|||| ||||| 200 1 $aˆLa ‰gestione informatica del protocollo, dei documenti e degli archivi$eGuida alla disciplina normativa e tecnica aggiornata con il D.Lgs. 7 marzo 2005, n. 82$fDimitri Brunetti 210 $aRimini$cMaggioli$d2005 215 $a539 p.$d23 cm. 410 1$1001UON00174778$12001 $aProgetto, ente, locale$1210 $aRimini$cMaggioli$v91 606 $aE-GOVERNMENT (Governo elettronico)$3UONC051268$2FI 606 $aDOCUMENTO ELETTRONICO$3UONC054877$2FI 620 $aIT$dRimini$3UONL001074 700 1$aBRUNETTI$bDimitri$3UONV156791$0552344 712 $aMaggioli Editore$3UONV265605$4650 801 $aIT$bSOL$c20240220$gRICA 899 $aSIBA - SISTEMA BIBLIOTECARIO DI ATENEO$2UONSI 912 $aUON00270492 950 $aSIBA - SISTEMA BIBLIOTECARIO DI ATENEO$dSI VI DIR PUB H 0650 $eSI SC 40738 5 0650 996 $aGestione informatica del protocollo, dei documenti e degli archivi$91059696 997 $aUNIOR